What Animals are these Spongebob Characters? #4 - Statistics

General Stats
  • This quiz has been taken 81 times
  • The average score is 9 of 12
Answer Stats
Picture Answer % Correct
Shrimp
94%
Squid
93%
Cat
87%
Dolphin
87%
Sea Urchin
87%
Vampire
81%
Hammerhead Shark
76%
Brine Shrimp
73%
Lionfish
67%
Whale Shark
56%
Sea Anemone
53%
Hagfish
27%
No matching quizzes found
Score Distribution
Percent of People with Each Score
Percentile by Number Answered
Your Score History
You have not taken this quiz